Ładuje się......

No room for terrorism in Islam

Opis bibliograficzny
1. autor: Yahya, Harun
Format: Printed Book
Wydane: Adam publishers and distributors, New Delhi 2004
Hasła przedmiotowe:
LEADER 00494nam a2200157 4500
082 |a 297.804 YAH 
100 |a Yahya, Harun 
245 |a No room for terrorism in Islam  |c Yahya, Harun 
250
260 |a Adam publishers and distributors, New Delhi  |c 2004 
300 |a 115 P 
490
650 |a Islam--Islamic fundamentalism--Terrorism 
942 |c BK 
999 |c 188605  |d 188605 
952 |0 0  |1 0  |4 0  |6 297_804000000000000_YAH  |7 0  |9 201954  |a ISL  |b ISL  |l 0  |o 297.804 YAH  |p ISL02970  |r 2019-10-28  |w 2019-10-28  |y BK